Maďarská zahraničná politika: medzi konsenzom a sporom
Pohľad na maďarskú zahraničnú politiku. Charakteristika jednotlivých maďarských zahraničnopolitických priorít tak z hľadiska zhody ako i rozdielov medzi hlavnými politickými subjektami. Myšlienky znovuzjednotenia maďarského národa.
Salvato in:
| Autore principale: | |
|---|---|
| Natura: | Capitolo di libro |
| Lingua: | slovacco |
| Soggetti: | |
| Tags: |
Nessun Tag, puoi essere il primo ad aggiungerne!!
|
MARC
| LEADER | 00000naa$a2200000$$$4500 | ||
|---|---|---|---|
| 001 | 0026138 | ||
| 005 | 20220628135808.3 | ||
| 041 | 0 | |a slo | |
| 044 | |a SK | ||
| 245 | 1 | 0 | |a Maďarská zahraničná politika: medzi konsenzom a sporom |c Milan Kurucz |
| 520 | |a Pohľad na maďarskú zahraničnú politiku. Charakteristika jednotlivých maďarských zahraničnopolitických priorít tak z hľadiska zhody ako i rozdielov medzi hlavnými politickými subjektami. Myšlienky znovuzjednotenia maďarského národa. | ||
| 610 | 2 | 0 | |a politika zahraničná |
| 610 | 2 | 0 | |a Maďarsko |
| 610 | 2 | 0 | |a strany politické |
| 610 | 2 | 0 | |a strany vládne |
| 610 | 2 | 0 | |a strany opozičné |
| 610 | 2 | 0 | |a vzťahy medzinárodné |
| 610 | 2 | 0 | |a menšiny národnostné |
| 610 | 2 | 0 | |a konflikty medzinárodné |
| 100 | 1 | |a Kurucz, Milan, 1954- | |